000 00455nam a22001817a 4500
003 OSt
005 20180116183051.0
008 160812b xxu||||| |||| 00| 0 eng d
020 _a0
040 _c0
082 _a823 FAK 1995
100 _aFakhar Zaman's
245 _aThe Lost Seven and Dead Man's Tale
_cFakhar Zaman's
260 _aLahore
_bBook Traders
_cc 1995
300 _a131 p.
_bHB
440 _aTwo Celebrated Novels ;
942 _2ddc
_cBK
999 _c351624
_d351624